000 00205nam a22000857a 4500
008 170201b xxu||||| |||| 00| 0 eng d
100 _92720
_aPal.S.
245 _aYogasanas ans Sadhana
260 _aNew Delhi
_c2002
999 _c5885
_d5885